Gemeinden von Horn - Statistiken

Allgemein
  • Dieses Quiz wurde 270 mal gespielt
  • Das Durchschnittsergebnis liegt bei 10 aus 20
Antwortstatistiken
Einwohner Gemeinde % Korrekt
6.458 Horn
98%
3.532 Gars am Kamp
69%
1.628 Sigmundsherberg
67%
846 Rosenburg-Mold
66%
3.498 Eggenburg
61%
1.332 Geras
59%
1.418 Irnfritz-Messern
57%
1.203 Drosendorf-Zissersdorf
52%
723 Japons
49%
1.581 Weitersfeld
49%
828 Altenburg
46%
664 Langau
46%
829 Brunn an der Wild
41%
707 Pernegg
38%
1.340 Burgschleinitz-Kühnring
36%
1.299 St. Bernhard-Frauenhofen
36%
526 Röhrenbach
23%
872 Meiseldorf
21%
1.044 Röschitz
21%
762 Straning-Grafenberg
21%
Keine übereinstimmenden Quizze gefunden
Verteilung der Resultate
Anzahl Personen mit jedem Resultat
Perzentil nach korrekt beantworteten Fragen
Ihre Resultats-Entwicklung
Sie haben dieses Quiz noch nicht gespielt